000 00292nam a22001337a 4500
008 170731b xxu||||| |||| 00| 0 eng d
020 _a025211226568
041 _aeng
080 _a004
100 _a32
101 _aSHKI
245 _aMICROSOFT PROJECT 2000
_cCOURTER, G
942 _2udc
_cBK
999 _c22166
_d22166